00473nam a2200169Ia 450000500170000000800410001702000150005808200190007310000190009224500640011126000600017530000160023565000120025165000140026365000130027765000130029020250220054912.0240331s9999 xx 000 0 und d a9559391003 bMUT25701a954 aMuthulingam, P 0aEluthatha Varalaru:bIlangai Dravidar Iyakkam Pattiya Aaivu aKandybSri Lanka Department of Social Developmentc1996 avi, 122 p., aHistory aDravidian aLanguage aPolitics